Antología poética / (Record no. 145620)

MARC details
000 -LEADER
campo de control de longitud fija 00751nam a2200205 i 4500
001 - NÚMERO DE CONTROL
campo de control 145620
003 - IDENTIFICADOR DE NÚMERO DE CONTROL
campo de control ES-MaACL
005 - FECHA Y HORA DE LA ÚLTIMA TRANSACCIÓN
campo de control 20250921063033.0
007 - CAMPO FIJO DE DESCRIPCIÓN FÍSICA--INFORMACIÓN GENERAL
campo de control de longitud fija t|
008 - DATOS DE LONGITUD FIJA--INFORMACIÓN GENERAL
campo de control de longitud fija 071015m19271930sp ||||1| spa d
100 1# - ENTRADA PRINCIPAL--NOMBRE DE PERSONA
Nombre de persona Verlaine, Paul,
Fechas asociadas al nombre 1844-1896
9 (RLIN) 114142
245 10 - MENCIÓN DEL TÍTULO
Título Antología poética /
Mención de responsabilidad, etc. Paul Verlaine ; selección, traducción y prólogo de Luis Guarner.
260 ## - PUBLICACIÓN, DISTRIBUCIÓN, ETC.
Lugar de publicación, distribución, etc. Madrid :
Nombre del editor, distribuidor, etc. Cia. Ibero-Americana de Publicaciones,
Fecha de publicación, distribución, etc. [entre 1927 y 1930]
300 ## - DESCRIPCIÓN FÍSICA
Extensión 203 p. ;
Dimensiones 19 cm.
490 1# - MENCIÓN DE SERIE
Mención de serie Las cien mejores obras de la literatura universal ;
Designación de volumen o secuencia 76
700 1# - ENTRADA AGREGADA--NOMBRE PERSONAL
Nombre de persona Guarner, Luis.
9 (RLIN) 60341
830 0# - PUNTO DE ACCESO ADICIONAL DE SERIE-TÍTULO UNIFORME
Título uniforme Las cien mejores obras de la literatura universal ;
Designación de volumen o secuencia 76
9 (RLIN) 181305
852 ## - LOCALIZACIÓN
Ubicación ES-MaACL
Número de control de estantería C-26232
Sublocalización o colección R.55260
Holdings
Estatus retirado Estado de pérdida Estado de daño No para préstamo Biblioteca de origen Biblioteca actual Ubicación en estantería Fecha de adquisición Fuente de adquisición Total de préstamos Signatura topográfica completa Código de barras Visto por última vez Precio de reemplazo Tipo de ítem Koha
        Biblioteca del Ateneo de Madrid Biblioteca del Ateneo de Madrid Depósito 2 17/01/2008     C-26232 1152007 23/02/2023 23/02/2023 Libro impreso